Lecciones de derecho financiero / Fernando Sainz de Bujanda
ISBN:
84-600-1536-X
Descripción Física:
XII, 542 p. ; 24 cm
Materias:
Dret financer
MARC
| LEADER | 00000nam a2200000Ia 4500 | ||
|---|---|---|---|
| 001 | 17288 | ||
| 008 | 160829s1982 xx 000 0 cat d | ||
| 020 | |a 84-600-1536-X | ||
| 080 | |a D-3-68 | ||
| 100 | |a Sainz de Bujanda, Fernando |9 37741 | ||
| 245 | |a Lecciones de derecho financiero / Fernando Sainz de Bujanda | ||
| 250 | |a 2a ed. | ||
| 260 | |a Madrid : |b Universidad Complutense, Facultad de Derecho, |c 1982 | ||
| 300 | |a XII, 542 p. ; |c 24 cm | ||
| 490 | |a Textos (Universidad Complutense de Madrid. Facultad de Derecho) | ||
| 590 | |a A la part superior de la portada: Seminario de Derecho Financiero de la Universidad Complutense de Madrid | ||
| 650 | |a Dret financer |9 37742 | ||
| 901 | |a Arxiu | ||
| 942 | |n 1 | ||
| 952 | |0 1 |1 0 |2 udc |4 0 |5 2 |6 D368 |7 1 |9 48039 |a Arxiu |b Arxiu |d 2016-12-01 |l 0 |o D-3-68 |p 17288 |r 2016-12-01 00:00:00 |w 2016-12-01 |y ARXIU | ||
| 999 | |c 51840 |d 51840 | ||